[Event "Druzynowe Mistrzostwa Polski - II liga"]
[Site "Sypniewo k. Jastrowia"]
[Date "1899-12-30"]
[Round "1.102"]
[White "Krzywnicka, Maria"]
[Black "Uliasz, Katarzyna"]
[Result "1-0"]
[WhiteTitle "I++"]
[BlackTitle "I++"]
[WhiteElo "1885"]
[BlackElo "1569"]

1. e4 c5 2. Nc3 Nc6 3. g3 g6 4. Bg2 Bg7 5. d3 e6 6. f4 Nge7 7. Nf3 d5 8. e5 Rb8
9. a4 a6 10. O-O b5 11. axb5 axb5 12. Qe1 Nf5 13. g4 Nfd4 14. Qf2 b4 15. Na4 b3
16. c3 Nc2 17. Rb1 c4 18. dxc4 dxc4 19. Ne1 Bd7 20. Nxc2 bxc2 21. Qxc2 Qa5 22.
Ra1 Qa7+ 23. Qf2 Qxf2+ 24. Kxf2 Bf8 25. Be3 Na5 26. Nb6 Nb3 27. Nxd7 Kxd7 28.
Ra7+ Kc8 29. Rxf7 Nc5 30. Rxf8+ Rxf8 31. Bxc5 Rxf4+ 32. Kg3 Rxf1 33. Bxf1 Rxb2
34. Bxc4 Kd7 35. Bb4 Rb1 36. Kh4 Rh1 37. h3 Re1 38. Bd6 Re3 39. Bb5+ Kd8 40. c4
h6 41. c5 g5+ 42. Kh5 Rxh3+ 43. Kg6 h5 44. gxh5 g4 45. c6 Rc3 46. c7+ Rxc7 47.
Bxc7+ Kxc7 48. h6 g3 49. Bf1 1-0

[Event "Druzynowe Mistrzostwa Polski - II liga"]
[Site "Sypniewo k. Jastrowia"]
[Date "1899-12-30"]
[Round "2.1"]
[White "Klepek, Witold"]
[Black "Kowalczyk, Pawel"]
[Result "1/2-1/2"]
[WhiteTitle "k++"]
[BlackTitle "m"]
[WhiteElo "2103"]
[BlackElo "2339"]

1. e4 a6 2. d4 e6 3. c4 d5 4. exd5 exd5 5. Nc3 Nf6 6. Nf3 Bb4 7. Be2 O-O 8. O-O
dxc4 9. Bxc4 Bg4 10. Bg5 Nbd7 11. Qb3 Bxc3 12. Qxc3 Ne4 13. Bxd8 Nxc3 14. Bxc7
Rfc8 15. Rfc1 Bxf3 16. Rxc3 Bc6 17. Bg3 Nb6 18. Bb3 Nd5 19. Rc5 Rd8 20. Re1 Rd7
21. f3 Nb4 22. Rd1 Bd5 23. Bxd5 Nxd5 24. Rdc1 f6 25. Rc8+ Rxc8 26. Rxc8+ Kf7 27.
a3 Ne7 28. Rc2 Ke6 29. Bf2 Nc6 30. Rc4 Rd5 31. Kf1 Rb5 32. b4 Kd5 33. Rc3 g5 34.
h4 h6 35. hxg5 hxg5 36. Ke2 Nxd4+ 37. Kd3 Ne6 38. Be3 Ke5 39. Rc4 Rd5+ 40. Ke2
Rd7 41. g4 Rh7 42. b5 Rh2+ 43. Kf1 Kd5 44. Rb4 a5 45. Ra4 Rb2 46. Rxa5 Kc4 47.
b6 Kd3 48. Bc5 Nxc5 49. Rxc5 Rxb6 50. Kf2 Kd4 51. Rf5 Kc3 52. a4 Kb4 53. a5 Rc6
54. f4 gxf4 55. Kf3 Rc4 56. Rxf6 Kxa5 1/2-1/2

[Event "Druzynowe Mistrzostwa Polski - II liga"]
[Site "Sypniewo k. Jastrowia"]
[Date "1899-12-30"]
[Round "2.2"]
[White "Velicka, Petr"]
[Black "Gola, Karol"]
[Result "1-0"]
[WhiteTitle "GM"]
[BlackTitle "k"]
[WhiteElo "2393"]
[BlackElo "2174"]

1. e4 c5 2. Nf3 e6 3. d4 cxd4 4. Nxd4 a6 5. Bd3 Bc5 6. Nb3 Be7 7. Qg4 g6 8. Qe2
d6 9. O-O Nd7 10. c4 Ne5 11. f3 Nf6 12. Bh6 Bf8 13. Bxf8 Kxf8 14. f4 Nxd3 15.
Qxd3 Ke7 16. Nc3 b6 17. Rad1 Bb7 18. e5 Ne8 19. Qe3 Qc7 20. Nd5+ Bxd5 21. cxd5
dxe5 22. fxe5 exd5 23. Rc1 Qb7 24. Nd4 Rc8 25. Qg5+ Kf8 26. Ne6+ Kg8 27. Qh6 Qe7
28. Rxc8 Qxe6 29. Qf4 Kg7 30. Rfc1 Rf8 31. R8c6 Qd7 32. Qd4 f6 33. e6 1-0

[Event "Druzynowe Mistrzostwa Polski - II liga"]
[Site "Sypniewo k. Jastrowia"]
[Date "1899-12-30"]
[Round "2.3"]
[White "Szolc, Grzegorz"]
[Black "Szotkowski, Jakub"]
[Result "1/2-1/2"]
[WhiteTitle "I++"]
[BlackTitle "IM"]
[WhiteElo "2036"]
[BlackElo "2353"]

1. d4 d5 2. Bf4 c5 3. e3 Nc6 4. c3 Nf6 5. Nd2 Bf5 6. Qb3 Qd7 7. Ngf3 c4 8. Qd1
e6 9. Ne5 Nxe5 10. dxe5 Ne4 11. Nxe4 Bxe4 12. f3 Bg6 13. e4 dxe4 14. Qxd7+ Kxd7
15. O-O-O Kc6 16. Bxc4 exf3 17. gxf3 Be7 18. Bd3 Bxd3 19. Rxd3 Rad8 20. Rhd1 Rxd3
21. Rxd3 b5 22. Kc2 h5 23. Rd2 h4 24. h3 a6 25. Rg2 g5 26. Bh2 Rg8 27. Rg4 Rg6
28. Kd3 f5 29. exf6 Rxf6 30. Ke4 Rf5 31. Be5 Bd8 1/2-1/2

[Event "Druzynowe Mistrzostwa Polski - II liga"]
[Site "Sypniewo k. Jastrowia"]
[Date "1899-12-30"]
[Round "2.4"]
[White "Eggink, Ryszard"]
[Black "Kalmuk, Krzysztof"]
[Result "1/2-1/2"]
[WhiteTitle "m"]
[BlackTitle "I++"]
[WhiteElo "2387"]
[BlackElo "1983"]

1. d4 Nf6 2. c4 e6 3. Nf3 b6 4. g3 Ba6 5. Qc2 Bb4+ 6. Bd2 Be7 7. Bg2 c6 8. O-O
d5 9. b3 O-O 10. a4 Nbd7 11. Rd1 Qc8 12. Na3 Ne4 13. Be1 f5 14. b4 Nd6 15. Nd2
Bb7 16. Nb3 Rf7 17. Rac1 Qf8 18. cxd5 cxd5 19. Qd3 Rc8 20. Rxc8 Nxc8 21. Nc2 Nd6
22. Rc1 Qb8 23. b5 Nc4 24. Ne3 Nxe3 25. Qxe3 Nf8 26. Rc2 Bd6 27. Qc1 Rc7 28. Rxc7
Bxc7 29. Bb4 Bc8 30. Qa3 Bd7 31. Nc1 Ng6 32. Nd3 Qc8 33. h4 Nf8 34. Bd6 Qb8 35.
Bxc7 Qxc7 36. Ne5 Be8 37. Bf3 Ng6 38. Nd3 Ne7 39. Ne5 Nc8 40. Qe3 Nd6 41. Nd3
Bf7 42. Qe5 Ne8 43. Nb4 Qxe5 44. dxe5 Nc7 45. Nc6 a6 46. bxa6 Nxa6 47. Ne7+ Kf8
48. Nc8 Nc5 49. Nxb6 Be8 50. a5 Bb5 51. e3 1/2-1/2

[Event "Druzynowe Mistrzostwa Polski - II liga"]
[Site "Sypniewo k. Jastrowia"]
[Date "1899-12-30"]
[Round "2.5"]
[White "Kukula, Karol"]
[Black "Karwowski, Kacper"]
[Result "1/2-1/2"]
[WhiteTitle "I+"]
[BlackTitle "CM"]
[WhiteElo "1821"]
[BlackElo "2230"]

1. e4 g6 2. d4 Bg7 3. c3 d6 4. Bd3 Nf6 5. h3 O-O 6. Nf3 Nc6 7. O-O e5 8. dxe5 Nxe5
9. Nxe5 dxe5 10. Bg5 h6 11. Bh4 c6 12. Qe2 Be6 13. Nd2 Qc7 14. Bxf6 Bxf6 15. Bc4
Bxc4 16. Nxc4 b5 17. Ne3 h5 18. a4 a6 19. Rfd1 Rfd8 20. axb5 axb5 21. Rxd8+ Qxd8
22. Rd1 Qe8 23. Qd3 Bg5 24. Qd7 Qxd7 25. Rxd7 Bxe3 26. fxe3 Ra1+ 27. Kf2 Rb1 28.
Rd2 Kf8 29. Kf3 Ke7 30. Ke2 Ke6 31. Kf3 Rc1 32. Ke2 f5 33. exf5+ gxf5 34. Kf3
Rf1+ 35. Ke2 Rb1 36. Kf3 e4+ 37. Kf2 Ke5 38. g3 Rh1 39. Kg2 Rc1 40. h4 c5 41.
Kf2 Ra1 42. Ke2 Ra2 43. Kf2 c4 44. Ke2 b4 45. cxb4 Ra4 46. Rd4 Rxb4 47. b3 Rxb3
48. Rxc4 Rb2+ 49. Kf1 Kd5 50. Rc8 Rb5 51. Ke2 Rc5 52. Rd8+ Kc4 53. Rh8 Rb5 54.
Rxh5 Rb2+ 55. Kf1 Rb5 56. Rg5 Kd3 57. Kf2 Rb2+ 58. Kf1 f4 59. gxf4 Kxe3 60. Rg3+
Kxf4 61. Ra3 Rb1+ 62. Kf2 Rh1 63. Ke2 Rxh4 64. Rb3 Rh2+ 65. Ke1 Rc2 66. Ra3 Ke5
67. Ra5+ Kd4 68. Ra4+ Ke3 69. Ra3+ Kf4 70. Rb3 Ra2 71. Rc3 Ke5 72. Rh3 Kd4 73.
Rg3 Ra6 74. Ke2 Kc4 75. Rh3 Ra2+ 76. Ke1 Ra4 77. Ke2 Kd4 78. Rg3 Ra1 79. Rh3 Ke5
80. Rb3 Ra2+ 81. Ke1 Ra7 82. Rh3 Rf7 83. Ke2 Kf4 84. Rh4+ Ke5 85. Rh3 Kd4 86.
Rg3 Rd7 87. Ra3 Rb7 88. Ra4+ Ke5 89. Ra3 Kf4 90. Rc3 Rb2+ 91. Ke1 Rb5 92. Ke2
Rd5 93. Ra3 Rd8 94. Rb3 Ra8 95. Rc3 Ra2+ 96. Ke1 Ke5 97. Rb3 Kd4 98. Rh3 Kc4 99.
Rg3 Ra5 100. Ke2 Rd5 101. Ra3 Rd3 102. Rxd3 exd3+ 103. Kd2 Kd4 104. Kd1 Kc3 105.
Kc1 d2+ 106. Kd1 Kd3 1/2-1/2

[Event "Druzynowe Mistrzostwa Polski - II liga"]
[Site "Sypniewo k. Jastrowia"]
[Date "1899-12-30"]
[Round "2.6"]
[White "Krupa, Monika"]
[Black "Bialek, Alicja"]
[Result "1-0"]
[WhiteTitle "WGM"]
[BlackTitle "I"]
[WhiteElo "2194"]
[BlackElo "1367"]

1. e4 c5 2. Nf3 d6 3. d4 cxd4 4. Qxd4 Nc6 5. Bb5 Bd7 6. Bxc6 Bxc6 7. Nc3 Nf6 8.
Bg5 e6 9. O-O Be7 10. Rad1 O-O 11. h3 h6 12. Bh4 Qc7 13. Qe3 b6 14. Nd4 Bb7 15.
Ndb5 Qc6 16. Bxf6 Bxf6 17. Rxd6 Qc4 18. Rd3 Ba6 19. b3 Qb4 20. a3 Qc5 21. Qxc5
bxc5 22. Rd6 Bb7 23. Rd7 Rab8 24. a4 a6 25. Nd6 Ba8 26. Ne2 Rbd8 27. Rxd8 Rxd8
28. e5 Bxe5 29. Nc4 Bf6 30. f3 Bg5 31. Kf2 Kf8 32. Nc3 Bd2 33. Ne4 Bxe4 34. fxe4
Bc3 35. Ke2 Ke7 36. Rf3 Bd4 37. c3 Bf6 38. e5 Bg5 39. Nd6 f6 40. exf6+ gxf6 41.
Ne4 Rd5 42. Rd3 Re5 43. Kf3 Rf5+ 44. Ke2 Re5 45. Kf3 Rf5+ 46. Kg3 h5 47. Nxg5
Rxg5+ 48. Kf2 c4 49. bxc4 Ra5 50. Ke3 Rxa4 51. Kd4 Kd6 52. Rd2 Ra5 53. Rb2 Rc5
54. Rb6+ Rc6 55. c5+ Kc7 56. Rb2 a5 57. Kc4 f5 58. Kb5 e5 59. Ra2 e4 60. Rxa5
Re6 61. Ra7+ Kb8 62. Ra2 e3 63. Re2 f4 64. Kc4 Kc7 65. Kd5 Re8 66. Re1 Rd8+ 67.
Ke4 Rf8 68. Kf3 Kc6 69. g3 fxg3+ 70. Kxg3 Re8 71. Kf3 Kxc5 72. Rxe3 Rf8+ 73. Kg3
Kc4 74. Kh4 Rf5 75. Rg3 Kb3 76. Rg5 Rf4+ 77. Kxh5 Kxc3 78. Rd5 Kc4 79. Rd8 Rf7
80. h4 Rg7 81. Kh6 Rg2 82. h5 Rh2 83. Kg6 Rg2+ 84. Kh7 Rg1 85. h6 Rg2 86. Kh8
Rg1 87. h7 Rg2 88. Rg8 Ra2 89. Kg7 Rg2+ 90. Kf7 Kd4 1-0

[Event "Druzynowe Mistrzostwa Polski - II liga"]
[Site "Sypniewo k. Jastrowia"]
[Date "1899-12-30"]
[Round "2.7"]
[White "Lobejko, Rafal"]
[Black "Krzywda, Andrzej"]
[Result "1/2-1/2"]
[WhiteTitle "FM"]
[BlackTitle "CM"]
[WhiteElo "2312"]
[BlackElo "2076"]

1. Nf3 c5 2. g3 Nc6 3. Bg2 g6 4. d4 cxd4 5. Nxd4 Bg7 6. Nxc6 bxc6 7. O-O Qb6 8.
Nd2 h5 9. Nf3 Nh6 10. c3 Rb8 11. Qc2 Ba6 12. Be3 Qc7 13. Rad1 d6 14. Nd4 Bb7 15.
b4 O-O 16. Nb3 Ba8 17. Bd4 e5 18. Be3 Nf5 19. Bg5 Rfe8 20. e4 Ne7 21. Be3 Rbd8
22. Qe2 Nc8 23. Rd2 Nb6 24. Rfd1 Bb7 25. Na5 Bc8 26. c4 Bg4 27. Bf3 Be6 28. Rc2
Nd7 29. Bg5 Rb8 30. a3 Bf8 31. Bd2 Rec8 32. Be1 Be7 33. Qe3 Nf8 34. Be2 Bd7 35.
f4 Ne6 36. f5 Bg5 37. Qf2 Nd4 38. Rxd4 exd4 39. Qxd4 c5 40. Qd3 Ba4 41. Ra2 Bf6
42. fxg6 Bd4+ 43. Kg2 fxg6 44. b5 Qf7 45. Bf3 Bxb5 46. e5 Bd7 47. exd6 Re8 48.
Bf2 Bf5 49. Qd2 Bh3+ 50. Kxh3 Qxf3 51. Bxd4 Qf1+ 52. Qg2 Qf5+ 53. g4 Qd3+ 54.
Kh4 Qxd4 55. Qd5+ Qxd5 56. cxd5 Rbd8 57. Rc2 Rxd6 58. Rxc5 Re4 59. h3 Rd4 60.
Nc6 Ra4 61. Ne5 hxg4 62. hxg4 Re4 63. Nc4 1/2-1/2

[Event "Druzynowe Mistrzostwa Polski - II liga"]
[Site "Sypniewo k. Jastrowia"]
[Date "1899-12-30"]
[Round "2.8"]
[White "Chojnacki, Slawomir"]
[Black "Miroslaw, Michal"]
[Result "0-1"]
[WhiteTitle "CM"]
[BlackTitle "FM"]
[WhiteElo "2150"]
[BlackElo "2269"]

1. d4 d5 2. Nf3 Nf6 3. Bf4 c5 4. e3 Nc6 5. Nc3 Bg4 6. Be2 e6 7. O-O Bxf3 8. Bxf3
cxd4 9. exd4 Bd6 10. Bxd6 Qxd6 11. Nb5 Qd7 12. c3 O-O 13. Re1 Rfc8 14. Be2 a6
15. Na3 b5 16. Nc2 Qd6 17. a3 Rab8 18. Nb4 a5 19. Nxc6 Rxc6 20. Bd3 Qf4 21. g3
Qc7 22. Qe2 Qb6 23. Qe5 Nd7 24. Qf4 Qc7 25. Qh4 g6 26. Qg5 Kg7 27. h4 f6 28. Qg4
f5 29. Qg5 Nf6 30. h5 Qf7 31. hxg6 Qxg6 32. Qf4 Rb7 33. Kg2 Nh5 34. Qh4 Qg4 35.
Qxg4+ fxg4 36. Re5 Nf6 37. Rae1 Rbb6 38. Rg5+ Kh6 39. Rge5 Kg7 40. Rh1 h6 41.
f3 b4 42. cxb4 axb4 43. a4 b3 44. Rhe1 Rb4 45. Rxe6 Rxe6 46. Rxe6 Kf7 47. Bf5
Rxd4 48. a5 Rd2+ 49. Kf1 gxf3 50. Rb6 Ne4 51. Bxe4 dxe4 52. Rxb3 Rd1+ 53. Kf2
Rd2+ 54. Ke1 Re2+ 55. Kf1 e3 56. a6 Rf2+ 57. Kg1 Rg2+ 58. Kh1 Rxg3 59. Kh2 f2
0-1

[Event "Druzynowe Mistrzostwa Polski - II liga"]
[Site "Sypniewo k. Jastrowia"]
[Date "1899-12-30"]
[Round "2.9"]
[White "Panas, Pawel"]
[Black "Malecki, Rafal"]
[Result "1/2-1/2"]
[WhiteTitle "k"]
[BlackTitle "k+"]
[WhiteElo "2158"]
[BlackElo "1942"]

1. d4 Nf6 2. Bg5 e6 3. Nd2 c5 4. e3 b6 5. Ngf3 Bb7 6. Bd3 Be7 7. O-O d6 8. c3 Nbd7
9. Qe2 O-O 10. h3 Re8 11. a4 a6 12. Rfd1 Qb8 13. e4 cxd4 14. cxd4 e5 15. d5 Nc5
16. b4 Nxd3 17. Qxd3 Nh5 18. Be3 Nf4 19. Bxf4 exf4 20. Nd4 Bf6 21. Rac1 Bxd4 22.
Qxd4 Qd8 23. Rc3 b5 24. a5 f5 25. f3 fxe4 26. fxe4 Bc8 27. Rf1 g5 28. h4 h6 29.
Rc6 Qe7 30. hxg5 hxg5 31. Qb6 Rd8 32. Rfc1 Bg4 33. Rc7 Qf6 34. Qf2 Rac8 35. Nb3
Rxc7 36. Rxc7 Rc8 37. Rxc8+ Bxc8 38. Qd4 Qxd4+ 39. Nxd4 Kf7 40. Kf2 Kf6 41. Kf3
Bd7 1/2-1/2

[Event "Druzynowe Mistrzostwa Polski - II liga"]
[Site "Sypniewo k. Jastrowia"]
[Date "1899-12-30"]
[Round "2.10"]
[White "Sroka, Janusz"]
[Black "Polkowski, Piotr"]
[Result "1-0"]
[WhiteTitle "k"]
[BlackTitle "k"]
[WhiteElo "1912"]
[BlackElo "2153"]

1. e4 e5 2. Nf3 Nf6 3. d3 Nc6 4. Be2 Bc5 5. c3 d6 6. Nbd2 a6 7. Qc2 Ba7 8. h3 h6
9. Nf1 Ne7 10. Be3 Bxe3 11. Nxe3 Ng6 12. g3 Be6 13. d4 Qe7 14. h4 Bd7 15. h5 Nf8
16. dxe5 dxe5 17. Nh4 N8h7 18. Nhf5 Qf8 19. O-O-O O-O-O 20. f4 Re8 21. Bf3 Bc6
22. Nd5 Nd7 23. Nb4 Nb8 24. Bg4 Bd7 25. Nd5 Be6 26. Qf2 Nc6 27. Rd2 Kb8 28. Rhd1
Bc8 29. Qe2 g6 30. Nh4 g5 31. Bxc8 Rxc8 32. fxg5 Nxg5 33. Nf5 Qc5 34. Nf6 Qb5
35. Qe3 Qc4 36. b3 Qe6 37. Nd7+ Ka8 38. Nc5 Qe8 39. Qe2 Ne6 40. Nd7 Ncd4 41. cxd4
Qxd7 42. dxe5 Qe8 43. Rd5 Ng5 44. R1d4 Qe6 45. Qd3 Kb8 46. Rb4 Ka8 47. Ra4 Kb8
48. Kb2 Qb6 49. Ka3 Qg1 50. Rc4 Qb6 51. Rb4 Qc6 52. Kb2 Qe6 53. Nd4 1-0

[Event "Druzynowe Mistrzostwa Polski - II liga"]
[Site "Sypniewo k. Jastrowia"]
[Date "1899-12-30"]
[Round "2.11"]
[White "Maka, Marcin"]
[Black "Szajda, Marcin"]
[Result "1-0"]
[WhiteTitle "k"]
[BlackTitle "I++"]
[WhiteElo "2086"]
[BlackElo "1936"]

1. e4 e5 2. Nf3 Nc6 3. Bb5 a6 4. Ba4 Nf6 5. d3 d6 6. c3 g6 7. Nbd2 Bg7 8. O-O O-O
9. Re1 Bd7 10. d4 Qe8 11. Bc2 Nh5 12. dxe5 Nxe5 13. Nd4 Qe7 14. Nf1 Qh4 15. g3
Qh3 16. f4 Nc6 17. Nf3 h6 18. Qe2 Rae8 19. Kh1 Nf6 20. Ng1 Qg4 21. Qg2 Qe6 22.
Nf3 Na5 23. b3 Bc6 24. Nd4 Qd7 25. Nd2 b5 26. b4 Nc4 27. Nxc4 bxc4 28. Nxc6 Qxc6
29. Bd2 a5 30. bxa5 Nd7 31. Rab1 Ra8 32. e5 Qxg2+ 33. Kxg2 dxe5 34. Rb5 c6 35.
Rb4 Rxa5 36. a4 exf4 37. gxf4 Rd8 38. Re2 c5 39. Rb7 Nf6 40. Be1 Nd5 41. Kf3 Nxc3
42. Ree7 Rf8 43. Bxg6 Rxa4 44. Bxf7+ Rxf7 45. Rxf7 Bd4 46. Rfc7 Ra8 47. Bxc3 Bxc3
48. Rxc5 Bf6 49. Rxc4 Rf8 50. Kg4 Bg7 51. Rcc7 Bf6 52. Rc6 Bg7 53. Rg6 Rf7 54.
Rxg7+ Rxg7+ 55. Rxg7+ Kxg7 56. Kf5 1-0

[Event "Druzynowe Mistrzostwa Polski - II liga"]
[Site "Sypniewo k. Jastrowia"]
[Date "1899-12-30"]
[Round "2.12"]
[White "Cyboran, Katarzyna"]
[Black "Fraczek, Weronika"]
[Result "0-1"]
[WhiteTitle "I++"]
[BlackTitle "k++"]
[WhiteElo "1773"]
[BlackElo "1830"]

1. e4 c5 2. Nf3 e6 3. d4 cxd4 4. Nxd4 a6 5. Bd3 Nc6 6. Nxc6 dxc6 7. O-O e5 8. Nd2
Bc5 9. Nc4 f6 10. a4 Ne7 11. a5 Be6 12. Qe2 Ng6 13. g3 h5 14. Be3 Bxe3 15. Qxe3
h4 16. Qc5 Bxc4 17. Bxc4 hxg3 18. hxg3 Qd7 19. Kg2 Nh4+ 20. Kh2 Qg4 21. Rh1 Qf3
22. Bf1 Ng6+ 23. Bh3 Rxh3+ 24. Kxh3 Nf4+ 0-1

[Event "Druzynowe Mistrzostwa Polski - II liga"]
[Site "Sypniewo k. Jastrowia"]
[Date "1899-12-30"]
[Round "2.13"]
[White "Luczak, Filip"]
[Black "Murdzia, Piotr"]
[Result "1/2-1/2"]
[WhiteTitle "FM"]
[BlackTitle "IM"]
[WhiteElo "2278"]
[BlackElo "2425"]

1. d4 Nf6 2. c4 g6 3. Nc3 d5 4. cxd5 Nxd5 5. e4 Nxc3 6. bxc3 Bg7 7. Nf3 c5 8. Be2
O-O 9. Rb1 b6 10. O-O Bb7 11. Qc2 cxd4 12. cxd4 Qc8 13. Qd3 Ba6 14. Qe3 Bxe2 15.
Qxe2 Qa6 16. Qxa6 Nxa6 17. Ba3 Rfc8 18. Rfc1 e6 19. Kf1 Bh6 20. Rd1 Bf8 21. Bxf8
Kxf8 22. Rdc1 Ke7 23. Ke2 f6 1/2-1/2

[Event "Druzynowe Mistrzostwa Polski - II liga"]
[Site "Sypniewo k. Jastrowia"]
[Date "1899-12-30"]
[Round "2.14"]
[White "Brzezinski, Mateusz"]
[Black "Grzesik, Gracjan"]
[Result "1/2-1/2"]
[WhiteTitle "k"]
[BlackTitle "k"]
[WhiteElo "2189"]
[BlackElo "2149"]

1. d4 Nf6 2. c4 e6 3. Nf3 b6 4. Nc3 Bb4 5. Bg5 h6 6. Bh4 Bxc3+ 7. bxc3 Bb7 8. e3
d6 9. Bd3 Nbd7 10. O-O Qe7 11. Nd2 e5 12. Bf5 Rd8 13. Qa4 a5 14. Rae1 g5 15. Bg3
Nh5 16. c5 Nxg3 17. hxg3 dxc5 18. f4 O-O 19. Bxd7 Qxd7 20. Qxd7 Rxd7 21. fxe5
cxd4 22. exd4 c5 23. Ne4 Bxe4 24. Rxe4 cxd4 25. cxd4 Rfd8 26. Rd1 Kg7 1/2-1/2

[Event "Druzynowe Mistrzostwa Polski - II liga"]
[Site "Sypniewo k. Jastrowia"]
[Date "1899-12-30"]
[Round "2.15"]
[White "Majewski, Krzysztof"]
[Black "Kujawski, Adam"]
[Result "0-1"]
[WhiteTitle "I+"]
[BlackTitle "FM"]
[WhiteElo "1999"]
[BlackElo "2239"]

1. e4 e5 2. Nf3 Nc6 3. d4 exd4 4. Nxd4 Bb4+ 5. c3 Bc5 6. Be3 Bb6 7. Bd3 Nge7 8.
Nxc6 Nxc6 9. Qe2 O-O 10. O-O Ne5 11. f4 Bxe3+ 12. Qxe3 Nxd3 13. Qxd3 d6 14. f5
Qf6 15. Qc4 Bd7 16. Qxc7 Bc6 17. Re1 Qe5 18. b4 Rfe8 19. Qa5 Qf4 20. Na3 Rxe4
21. Nc2 Rxe1+ 22. Nxe1 Qe3+ 23. Kh1 Qxc3 24. Rd1 Re8 25. Kg1 Rxe1+ 26. Kf2 Qe3#
0-1

[Event "Druzynowe Mistrzostwa Polski - II liga"]
[Site "Sypniewo k. Jastrowia"]
[Date "1899-12-30"]
[Round "2.16"]
[White "Robak, Zbigniew"]
[Black "Sokolowski, Ryszard"]
[Result "1-0"]
[WhiteTitle "m"]
[BlackTitle "k"]
[WhiteElo "2217"]
[BlackElo "2031"]

1. e4 g6 2. d4 Bg7 3. Nf3 d6 4. Bc4 e6 5. Qe2 a6 6. Bg5 Ne7 7. c3 h6 8. Be3 Nd7
9. O-O O-O 10. Bb3 b6 11. Nfd2 d5 12. f3 c5 13. dxc5 bxc5 14. Qf2 Qb6 15. Rd1
Qc6 16. exd5 exd5 17. Nf1 Rb8 18. Rd2 f5 19. Qh4 g5 20. Qa4 Qe6 21. Na3 Kh8 22.
Rad1 c4 23. Bc2 g4 24. f4 Rd8 25. Qa5 Bb7 26. Nxc4 dxc4 27. Rd6 Nc6 28. Qc7 Nf8
29. Rxe6 Rxd1 30. Rxc6 Rdd8 31. Rb6 Rdc8 32. Qf7 1-0

[Event "Druzynowe Mistrzostwa Polski - II liga"]
[Site "Sypniewo k. Jastrowia"]
[Date "1899-12-30"]
[Round "2.17"]
[White "Gajdzica, Maciej"]
[Black "Mazalon, Mariusz"]
[Result "1-0"]
[WhiteTitle "I+"]
[BlackTitle "k"]
[WhiteElo "1954"]
[BlackElo "2013"]

1. e4 g6 2. d4 Bg7 3. c4 c5 4. d5 e6 5. Nc3 exd5 6. cxd5 d6 7. Bb5+ Nd7 8. a4 Ne7
9. h4 h6 10. Bf4 a6 11. Be2 Ne5 12. Nf3 f5 13. Nxe5 dxe5 14. Be3 Qd6 15. h5 f4
16. Bd2 g5 17. Bg4 O-O 18. a5 Kh8 19. Na4 Ng8 20. Bxc8 Raxc8 21. Nb6 Rcd8 22.
Nc4 Qe7 23. Bc3 Rfe8 24. Ra3 Qf7 25. Rb3 Nf6 26. Qe2 Qc7 27. Rb6 Nd7 28. Rd6 Nf8
29. Rxd8 Qxd8 30. Qg4 Qc7 31. Qf5 Nd7 32. Qg6 Rf8 33. Nd6 Nf6 34. Nc4 Nd7 35.
Qd6 Qxd6 36. Nxd6 Rb8 37. Ke2 b5 38. axb6 Rxb6 39. Nc4 Rb8 40. Ra1 Ra8 41. Ra5
Kg8 42. Kd3 Kf7 43. Nd6+ Kf6 44. g3 Bf8 45. Nc4 Be7 46. Ra1 f3 47. g4 Bd8 48.
Ke3 Bc7 49. Kxf3 Ke7 50. Ne3 1-0

[Event "Druzynowe Mistrzostwa Polski - II liga"]
[Site "Sypniewo k. Jastrowia"]
[Date "1899-12-30"]
[Round "2.18"]
[White "Kindler, Karolina"]
[Black "Krzywnicka, Maria"]
[Result "1-0"]
[WhiteTitle "I++"]
[BlackTitle "I++"]
[WhiteElo "1805"]
[BlackElo "1885"]

1. d4 Nf6 2. Nf3 g6 3. c4 Bg7 4. Nc3 O-O 5. Bf4 b6 6. h3 Bb7 7. e3 d6 8. Be2 Nbd7
9. O-O Re8 10. Qc2 h6 11. Rfd1 e6 12. Rac1 Qe7 13. Nb5 Rec8 14. c5 Be4 15. Qd2
e5 16. cxd6 cxd6 17. dxe5 dxe5 18. Bh2 Nd5 19. Bc4 Bxf3 20. Bxd5 Rxc1 21. Rxc1
Bxd5 22. Qxd5 Rd8 23. Rd1 Rc8 24. Qb7 Rd8 25. Qd5 Rc8 26. Nxa7 Rc5 27. Qb7 Qd6
28. Rf1 Qd2 29. Nc8 Rc1 30. g4 Rc2 31. Ne7+ Kh7 32. Nd5 Nc5 33. Qxf7 Nd3 34. Nf6+
Kh8 35. Qg8# 1-0

[Event "Druzynowe Mistrzostwa Polski - II liga"]
[Site "Sypniewo k. Jastrowia"]
[Date "1899-12-30"]
[Round "2.19"]
[White "Piotrowski, Przemyslaw"]
[Black "Gumula, Daniel"]
[Result "0-1"]
[WhiteTitle "FM"]
[BlackTitle "FM"]
[WhiteElo "2256"]
[BlackElo "2163"]

1. d4 Nf6 2. Nf3 c5 3. d5 b5 4. c4 e6 5. dxe6 fxe6 6. cxb5 d5 7. Bg5 Nbd7 8. e4
dxe4 9. Nfd2 Ne5 10. Bxf6 gxf6 11. Qh5+ Ng6 12. Nxe4 f5 13. Ng5 Qf6 14. Nc3 Be7
15. Nf3 O-O 16. g3 Qg7 17. Bg2 Bb7 18. O-O Rf6 19. Ne1 Bxg2 20. Nxg2 f4 21. f3
Rf5 22. Qg4 Kh8 23. Rae1 Rg8 24. Rxe6 Qf7 25. Rfe1 fxg3 26. hxg3 Rg5 27. Qh3 Nf4
28. gxf4 Rxg2+ 29. Qxg2 Rxg2+ 30. Kxg2 Bh4 31. R1e4 Qg7+ 32. Kf1 Qg3 33. Ke2 c4
34. Kd2 Qxf3 35. Rxc4 0-1

[Event "Druzynowe Mistrzostwa Polski - II liga"]
[Site "Sypniewo k. Jastrowia"]
[Date "1899-12-30"]
[Round "2.20"]
[White "Garbowski, Jakub"]
[Black "Szczepaniak, Lukasz"]
[Result "1-0"]
[WhiteTitle "k"]
[BlackTitle "k++"]
[WhiteElo "2142"]
[BlackElo "2202"]

1. e4 e5 2. Nf3 Nc6 3. Bb5 a6 4. Ba4 Nf6 5. O-O Bc5 6. c3 b5 7. Bb3 d6 8. a4 Bg4
9. d3 Rb8 10. axb5 axb5 11. Nbd2 O-O 12. Re1 Ne7 13. Nf1 Ng6 14. h3 Bd7 15. Ng3
h6 16. Nf5 Kh7 17. d4 exd4 18. N3xd4 Ne7 19. Qf3 Nxf5 20. Nxf5 Ng8 21. e5 g6 22.
Ng3 Be6 23. Bc2 dxe5 24. Rxe5 Bd6 25. Re1 Qf6 26. Qe3 Qh4 27. Ne4 Be7 28. Ra7
Rbc8 29. b4 Bc4 30. Qf3 Kg7 31. Be3 f5 32. Bd4+ Kh7 33. Nd2 Bf6 34. Bxf6 Qxf6
35. Nxc4 bxc4 36. Ba4 Qf7 37. Bb5 Nf6 1-0

[Event "Druzynowe Mistrzostwa Polski - II liga"]
[Site "Sypniewo k. Jastrowia"]
[Date "1899-12-30"]
[Round "2.21"]
[White "Dzikowski, Michal"]
[Black "Maciol, Ryszard"]
[Result "1/2-1/2"]
[WhiteTitle "k"]
[BlackTitle "k"]
[WhiteElo "2120"]
[BlackElo "2138"]

1. d4 Nf6 2. Nf3 e6 3. c4 d5 4. g3 dxc4 5. Bg2 a6 6. O-O Nc6 7. e3 Rb8 8. Nfd2
e5 9. Bxc6+ bxc6 10. dxe5 Ng4 11. Nxc4 Be6 12. Qxd8+ Rxd8 13. Nbd2 Bb4 14. b3
h5 15. h3 Bc3 16. Rb1 Nxe5 17. Nxe5 Bxe5 18. Kg2 h4 19. g4 f5 20. g5 O-O 21. Nc4
Bd5+ 22. f3 Bg3 23. Rb2 Rfe8 24. Rc2 Re6 25. Nd2 Rxe3 26. Nc4 Re7 27. Ne3 Be6
28. Rd1 Rxd1 29. Nxd1 Bd7 30. Ne3 Be5 31. Nc4 Bd4 32. Rd2 Bc3 33. Rc2 Bb4 34.
Bb2 Be6 35. Ne5 Bd6 36. Nxc6 Rd7 37. Ne5 Rd8 38. Nc6 Re8 39. Re2 Bd7 40. Rxe8+
Bxe8 41. Ne5 1/2-1/2

[Event "Druzynowe Mistrzostwa Polski - II liga"]
[Site "Sypniewo k. Jastrowia"]
[Date "1899-12-30"]
[Round "2.22"]
[White "Stachanczyk, Jacek"]
[Black "Zareba, Radoslaw"]
[Result "1-0"]
[WhiteTitle "IM"]
[BlackTitle "k"]
[WhiteElo "2152"]
[BlackElo "2102"]

1. e4 d6 2. d4 g6 3. Nc3 Bg7 4. f4 Nf6 5. Nf3 O-O 6. Bd3 Na6 7. O-O c5 8. d5 Bg4
9. Bc4 Nc7 10. h3 Bd7 11. a4 b6 12. Qe2 a6 13. Re1 Qc8 14. e5 Nfe8 15. Be3 Qb7
16. Bf2 Rb8 17. Bh4 b5 18. Ba2 c4 19. Bxe7 b4 20. Bxf8 Bxf8 21. Ne4 b3 22. Bb1
Nxd5 23. Qxc4 Qa7+ 24. Kh2 Ne3 25. Qe2 bxc2 26. Bxc2 Rxb2 27. Qxe3 Qxe3 28. Rxe3
Rxc2 29. exd6 f5 30. Ne5 fxe4 31. Nxd7 Nxd6 32. Rd1 Bh6 33. Rf1 Kf7 34. Ne5+ Ke6
35. Ng4 Bg7 36. Rb3 Ra2 37. Ne3 Rxa4 38. g4 Rd4 39. Ra3 a5 40. Rxa5 Rd2+ 41. Kh1
Rd3 42. f5+ gxf5 43. gxf5+ Kf7 44. Ra7+ Kf8 45. f6 Bh6 46. Ng4 Rxh3+ 47. Kg2 Rh4
48. Ne5 Bf4 49. Ra8+ Ne8 50. f7 1-0

[Event "Druzynowe Mistrzostwa Polski - II liga"]
[Site "Sypniewo k. Jastrowia"]
[Date "1899-12-30"]
[Round "2.23"]
[White "Suliborski, Jakub"]
[Black "Rosicki, Marcin"]
[Result "1-0"]
[WhiteTitle "k"]
[BlackTitle "I++"]
[WhiteElo "2159"]
[BlackElo "2009"]

1. Nf3 d5 2. d4 Nf6 3. c4 c6 4. Nc3 e6 5. Bg5 Be7 6. e3 Nbd7 7. cxd5 exd5 8. Bd3
O-O 9. Qc2 Re8 10. O-O Nf8 11. Rab1 h6 12. Bh4 Ne4 13. Bxe7 Qxe7 14. Bxe4 dxe4
15. Nd2 f5 16. b4 Rd8 17. Rfc1 Nd7 18. Nc4 b6 19. b5 c5 20. Nd5 Qf7 21. Nc7 Rb8
22. Nd6 Qg6 23. Qb3+ Kh7 24. Ne6 Rg8 25. Qd5 Nf6 26. Qb3 cxd4 27. Nf4 1-0